Countries that Start with G by Flag-Shape - Statistics

General Stats
  • This quiz has been taken 33 times
  • The average score is 10 of 11
Answer Stats
Picture Answer % Correct
Germany
100%
Greece
100%
Ghana
96%
Georgia
93%
Guatemala
93%
Gambia
86%
Gabon
82%
Guinea
82%
Guinea-Bissau
82%
Grenada
79%
Guyana
79%
No matching quizzes found
Score Distribution
Percent of People with Each Score
Percentile by Number Answered
Your Score History
You have not taken this quiz